000 01179nam a22002657a 4500
005 20240530110531.0
008 160317s2013 ua g b 000 0 ara d
017 _a2011/15310
_bمصر . دار الكتب المصرية
020 _a9789776298668
040 _aEG-CaGPL
082 0 4 _221
_a658.8\
_bخ ت
100 0 _aخبراء المجموعة العربية للتدريب و النشر
245 1 2 _aالتميز فى البيع و التسويق و وسائل تحقيقة /
_cاعداد خبراء المجموعة العربية للتدريب و النشر ؛ اشراف علمى محمود عبدالفتاح رضوان
250 _aط1
260 _aالقاهرة :
_bالمجموعة العربية للتدريب و النشر ،
_c2013 .
300 _a100 ص ؛
_c24 سم .
490 _aمهارات التسويق
504 _aيشتمل على ارجاعات ببليوجرافية
650 0 4 _aادارة التسويق
650 0 4 _aالتسويق
_xتكاليف
650 0 4 _aادارة الاعمال
700 0 _aمحمود عبدالفتاح رضوان
_eمشرف
942 _2ddc
_cBK
999 _c62090
_d62090